| 000 | 00380nam a22001337a 4500 | ||
|---|---|---|---|
| 008 | 230605b xxu||||| |||| 00| 0 eng d | ||
| 020 | _a9775851009 | ||
| 082 |
_a327.54 _bSOR |
||
| 245 |
_aParliamentary Diplomacy _bFor Diplomacy and International Cooperation _cAhmed Fathy Sorour |
||
| 260 |
_aCairo,Egypt. _bL'EGYPTE _c1997 |
||
| 300 | _a137 p | ||
| 500 | _aPictures | ||
| 942 |
_2ddc _cBK |
||
| 999 |
_c430 _d430 |
||